The status game : on social position and how we use it

Bibliographic Details
Main Author: Storr, Will
Format: Book
Published: London : William Collins , 2021
Subjects:

MARC

LEADER 00000cam a2200000 7i4500
001 0000090197
005 20230125094541.0
008 220922
020 |a 9780008354640 
041 |a English 
090 0 0 |a 158   |b STO 
100 0 |a Storr, Will 
245 1 4 |a The status game :   |b on social position and how we use it   |c Will Storr 
260 |a London :   |b William Collins ,   |c 2021 
300 |a 405 p. ;   |c 23.3 cm. 
541 |c Purchase on 2022   |f SA 11/21 ADAM   |h RM 
650 0 |a Psychology, Social 
650 0 |a Social change   |x Psychological aspects 
650 0 |a Social psychology 
650 0 |a Social status 
730 0 |a Title 
999 |a 0001694471   |b Book   |c Adult Collection   |e Perbadanan Perpustakaan Awam Johor